सुगंध (Record no. 79695)

MARC details
000 -LEADER
fixed length control field 00510nam a2200181Ia 4500
008 - FIXED-LENGTH DATA ELEMENTS--GENERAL INFORMATION
fixed length control field 090123s9999 xx 000 0 und d
082 ## - DEWEY DECIMAL CLASSIFICATION NUMBER
Item number 41617
100 ## - MAIN ENTRY--PERSONAL NAME
Personal name मंगेशकर गीता
245 ## - TITLE STATEMENT
Title सुगंध
250 ## - EDITION STATEMENT
Edition statement 1
260 ## - PUBLICATION, DISTRIBUTION, ETC. (IMPRINT)
Name of publisher, distributor, etc सायली प्रकाशन पुने
Date of publication, distribution, etc 207
300 ## - PHYSICAL DESCRIPTION
Extent 256
600 ## - SUBJECT ADDED ENTRY--PERSONAL NAME
Personal name मंगेशकर गीता
630 ## - SUBJECT ADDED ENTRY--UNIFORM TITLE
Uniform title सुगंध
700 ## - ADDED ENTRY--PERSONAL NAME
Personal name मंगेशकर गीता
730 ## - ADDED ENTRY--UNIFORM TITLE
Uniform title सुगंध
942 ## - ADDED ENTRY ELEMENTS (KOHA)
Koha item type Book
Holdings
Withdrawn status Lost status Damaged status Not for loan Home library Current library Date acquired Cost, normal purchase price Total Checkouts Full call number Barcode Date last seen Cost, replacement price Price effective from Koha item type
        Jawahar Wachalanalaya, Kalwa Jawahar Wachalanalaya, Kalwa 10/03/2007 250.00   41617 KLW-41617 01/23/2009 250.00 01/23/2009 Book